| 000 | 00569nam a2200169 4500 | ||
|---|---|---|---|
| 001 | 139324 | ||
| 003 | ES-MaACL | ||
| 005 | 20230906195751.0 | ||
| 007 | t| | ||
| 008 | 070214s1911 sp r ||||1| spa d | ||
| 100 | 1 |
_aSarthou Carreres, Carlos. _9103879 |
|
| 245 | 1 | 0 |
_aImpresiones de mi tierra _b: (notas de turismo por la provincia de Castellón) / _cCarlos Sarthou Carreres ; prólogo del Dr. M. Lassala. |
| 260 |
_aBurriana (Valencia) : _bA. Monreal, _c1911. |
||
| 300 |
_a252 p., 3 lám. ; _c22 cm. |
||
| 700 | 1 |
_aLassala, M. _970458 |
|
| 852 |
_aES-MaACL _jG-3786 |
||
| 999 |
_c139324 _d139324 |
||